NLSUI OPAC header image

The dichotomy of the legal status of sexual minorities : a critical analysis of judicial trends across the globe India (Record no. 217190)

MARC details
000 -LEADER
fixed length control field 00544nam a2200133Ia 4500
005 - DATE AND TIME OF LATEST TRANSACTION
control field 20260209120135.0
008 - FIXED-LENGTH DATA ELEMENTS--GENERAL INFORMATION
fixed length control field 260209s9999||||xx |||||||||||||| ||und||
100 ## - MAIN ENTRY--PERSONAL NAME
Personal name Swarnabh Dutta
245 #4 - TITLE STATEMENT
Title The dichotomy of the legal status of sexual minorities : a critical analysis of judicial trends across the globe India
260 ## - PUBLICATION, DISTRIBUTION, ETC.
Place of publication, distribution, etc. BangaloreBangalore
Name of publisher, distributor, etc. NLSIU
Date of publication, distribution, etc. 2014
300 ## - PHYSICAL DESCRIPTION
Extent 122 p. ; 25 cm.
700 ## - ADDED ENTRY--PERSONAL NAME
Personal name Prof. (Dr.) Sarasu Esther Thomas - GuideProf. (Dr.) Sarasu Esther Thomas - Guide
856 ## - ELECTRONIC LOCATION AND ACCESS
Uniform Resource Identifier <a href="https://dans.nls.ac.in/handle/123456789/1736">https://dans.nls.ac.in/handle/123456789/1736</a>
Holdings
Withdrawn status Lost status Damaged status Not for loan Home library Current library Date acquired Total Checkouts Barcode Date last seen Price effective from Koha item type
        . . 09.02.2026   LLM555 09.02.2026 09.02.2026 Dissertation